Aprendizaje y estructuras del conocimiento (Registro nro. 5878)

Detalles MARC
000 -LEADER
fixed length control field 01523 a2200241 4500
001 - CONTROL NUMBER
control field 55035
005 - DATE AND TIME OF LATEST TRANSACTION
control field 20260407155826.0
008 - FIXED-LENGTH DATA ELEMENTS--GENERAL INFORMATION
fixed length control field 260407a1996 arg spa d
003 - CONTROL NUMBER IDENTIFIER
control field AR-UNSa-BCEJYS
040 ## - CATALOGING SOURCE
Original cataloging agency AR-UNSa-BCEJYS
Language of cataloging spa
Transcribing agency AR-UNSa-BCEJYS
080 ## - UNIVERSAL DECIMAL CLASSIFICATION NUMBER
Universal Decimal Classification number 37.02
Common auxiliary subdivision Cuestiones generales de didáctica y metodología
020 ## - INTERNATIONAL STANDARD BOOK NUMBER
International Standard Book Number 84-7112-156-5
100 1# - MAIN ENTRY--PERSONAL NAME
Personal name Inhelder, Bärbel
245 10 - TITLE STATEMENT
Title Aprendizaje y estructuras del conocimiento
250 ## - EDITION STATEMENT
Edition statement 2a. ed.
264 #1 - PRODUCTION, PUBLICATION, DISTRIBUTION, MANUFACTURE, AND COPYRIGHT NOTICE
Place of production, publication, distribution, manufacture Madrid :
Name of producer, publisher, distributor, manufacturer Ediciones Morata
Date of production, publication, distribution, manufacture, or copyright notice 1996
300 ## - PHYSICAL DESCRIPTION
Extent 351 p.
Dimensions 21 cm.
505 ## - FORMATTED CONTENTS NOTE
Formatted contents note 1. El aprendizaje de las nociones de conservación de las cantidades continúas mediante el paso de líquidos en un sistema de vasos superpuestos – 2. De la correspondencia término a término a la noción de conservación de la cantidad de materia – 3. De las equivalencias numéricas a la noción de conservación de la cantidad de materia – 4. El aprendizaje verbal referente a la conservación de las cantidades continúas – 5. Estudio intercultural referente a algunas nociones de conservación – 6. De la conservación de conjuntos discretos de elementos de la conservación de la largura – 7. El aprendizaje de la cuantificación de la inclusión y su influencia eventual en las nociones de conservación – 8. El aprendizaje de algunas nociones de conservación y su influencia eventual en la cuantificación de la inclusión
590 ## - LOCAL NOTE (RLIN)
Local note niveau_biblio:m niveau_hierar:0
700 1# - ADDED ENTRY--PERSONAL NAME
Personal name Sinclair, Hermine
700 1# - ADDED ENTRY--PERSONAL NAME
Personal name Bovet, M.
942 ## - ADDED ENTRY ELEMENTS (KOHA)
Koha item type
Existencias
Withdrawn status Lost status Damaged status Not for loan Home library Current library Shelving location Date acquired Total checkouts Full call number Barcode Date last seen Price effective from Koha item type
        Biblioteca Prof. Eusebio Cleto del Rey Biblioteca Prof. Eusebio Cleto del Rey   07/04/2026   37.02 I35 L70356 07/04/2026 07/04/2026 Libro